000 00500nam a2200181Ia 4500
005 20250508162222.0
008 008 250505s9999 xx 000 0 eng d
037 _aTextual
040 _aFEDL
_beng
_cFEDL
041 _aeng
_2eng
084 _a420.7, HAR
_qFEDL
100 _aRobinson Kenneth
245 0 _aEnglish teaching in south-east Asia
260 _aLondon, UK
_bEvans Brothers Limited
_c1960
300 _a271p.
942 _cTEXL
_h420.7, HAR
999 _c1375173
_d1375173